-¿México? ¿Me lo repite por favor? / (Record no. 4596)

MARC details
000 -LEADER
campo de control de longitud fija 00975nas a22002657i 4500
005 - FECHA Y HORA DE LA ÚLTIMA TRANSACCIÓN
campo de control 20251210162213.0
008 - DATOS DE LONGITUD FIJA--INFORMACIÓN GENERAL
campo de control de longitud fija 251210e2014 mx|uu|m r|||| 00| |spa d
040 ## - FUENTE DE CATALOGACIÓN
Centro/agencia transcriptor LADOV
041 ## - CÓDIGO DE IDIOMA
Código de lengua del texto/banda sonora o título independiente spa
082 ## - NÚMERO DE LA CLASIFICACIÓN DECIMAL DEWEY
Número de clasificación 709.72
Número de ítem OU94m
100 1# - ENTRADA PRINCIPAL--NOMBRE DE PERSONA
Nombre de persona Outón, Juan
Término indicativo de función/relación editor
245 10 - MENCIÓN DEL TÍTULO
Título -¿México? ¿Me lo repite por favor? /
Mención de responsabilidad, etc. coordinación editorial Juan Outón, Waysatta Fernández, Andrés García Riley, Juan Caloca y Natalia Magdaleno Lopez.
260 ## - PUBLICACIÓN, DISTRIBUCIÓN, ETC.
Lugar de publicación, distribución, etc. México :
Nombre del editor, distribuidor, etc. Arts Collaboratory,
Fecha de publicación, distribución, etc. 2014.
300 ## - DESCRIPCIÓN FÍSICA
Extensión 140 páginas :
Otras características físicas fotografías a color ;
Dimensiones 26.5 cm
362 ## - FECHAS DE PUBLICACIÓN Y/O DESIGNACIÓN SECUENCIAL
Fecha de publicación y/o designación secuencial Núm 9 (2014)
490 0# - MENCIÓN DE SERIE
Mención de serie (Cartucho ;
Designación de volumen o secuencia 9)
650 04 - PUNTO DE ACCESO ADICIONAL DE MATERIA--TÉRMINO DE MATERIA
Término de materia o nombre geográfico como elemento de entrada Arte y cultura
650 04 - PUNTO DE ACCESO ADICIONAL DE MATERIA--TÉRMINO DE MATERIA
Término de materia o nombre geográfico como elemento de entrada Crítica social
650 04 - PUNTO DE ACCESO ADICIONAL DE MATERIA--TÉRMINO DE MATERIA
Término de materia o nombre geográfico como elemento de entrada Crítica e interpretación
700 1# - ENTRADA AGREGADA--NOMBRE PERSONAL
Nombre de persona Fernández, Waysatta
Término indicativo de función/relación editora
9 (RLIN) 731
700 1# - ENTRADA AGREGADA--NOMBRE PERSONAL
Nombre de persona García Riley, Andrés
Término indicativo de función/relación editor
700 1# - ENTRADA AGREGADA--NOMBRE PERSONAL
Nombre de persona Caloca, Juan
Término indicativo de función/relación editor
700 1# - ENTRADA AGREGADA--NOMBRE PERSONAL
Nombre de persona Magdaleno Lopez, Natalia
Término indicativo de función/relación editora
942 ## - ELEMENTOS DE ENTRADA SECUNDARIOS (KOHA)
Fuente del sistema de clasificación o colocación Clasificación Decimal Dewey
Tipo de ítem Koha Libros
Parte de la signatura que corresponde a la clasificación (Parte de la clasificación) 709. 72 OU94m
Suprimir en OPAC No
Holdings
Estatus retirado Estado de pérdida Fuente del sistema de clasificación o colocación Estado de daño No para préstamo Colección Biblioteca de origen Biblioteca actual Fecha de adquisición Total de préstamos Signatura topográfica completa Código de barras Visto por última vez Precio de reemplazo Tipo de ítem Koha
    Clasificación Decimal Dewey     Libros Biblioteca LadoV Biblioteca LadoV 10/12/2025   709.72 OU94m 005271 10/12/2025 10/12/2025 Libros